000 01075nam0a2200325 i 4500
001 RU\NLR\BIBL_A\010193730
005 20240921121212.0
010 _a9785949622421
021 _aRU
_b2014-56573
_93417
021 _aRU
_b2013-103701
_97202
035 _a(NILC)RuMoRGB-006720537
035 _a(NLR Aleph) 010193730
090 _a10210815
_c10210815
100 _a20140221d2013 um y0rusy50 ca
101 0 _arus
102 _aRU
105 _aa|||z||||00ay
200 1 _aГде валяются поцелуи
_eроман
_fРинат Валиуллин
210 _aСанкт-Петербург
_cАнтология
_d2013
_d(макет 2014)
215 _a221, [1] с.
_cил.
_d19
675 _a821.161.1-31
686 2 _aШ6(2=Р)8-440.4
700 1 _7ca
_8rus
_aВалиуллин
_bР. Р.
_f1969-
_gРинат Рифович
_9159534
_3RU\NLR\AUTH\770159575
801 0 _aRU
_bRuMoRKP
_c20131219
_gRCR
801 2 _aRU
_bРГБ
_c20140122
_grcr
942 _cBOOK
980 _aNBR